<?xml version="1.0" encoding="UTF-8"?>
<record
    xmlns:xsi="http://www.w3.org/2001/XMLSchema-instance"
    xsi:schemaLocation="http://www.loc.gov/MARC21/slim http://www.loc.gov/standards/marcxml/schema/MARC21slim.xsd"
    xmlns="http://www.loc.gov/MARC21/slim">

  <leader>00792nam a22002057a 4500</leader>
  <datafield tag="999" ind1=" " ind2=" ">
    <subfield code="c">194574</subfield>
    <subfield code="d">194574</subfield>
  </datafield>
  <controlfield tag="003">OSt</controlfield>
  <datafield tag="020" ind1=" " ind2=" ">
    <subfield code="a">9788120042391</subfield>
  </datafield>
  <datafield tag="082" ind1=" " ind2=" ">
    <subfield code="a">352.16</subfield>
    <subfield code="b">YUN/KE</subfield>
  </datafield>
  <datafield tag="100" ind1=" " ind2=" ">
    <subfield code="a">Yunnus Kunju, M</subfield>
  </datafield>
  <datafield tag="245" ind1=" " ind2=" ">
    <subfield code="a">Kerala municipality actum therenjeduppu chattangalum</subfield>
    <subfield code="b">/&#xD15;&#xD47;&#xD30;&#xD33; &#xD2E;&#xD41;&#xD28;&#xD3F;&#xD38;&#xD3F;&#xD2A;&#xD4D;&#xD2A;&#xD3E;&#xD32;&#xD3F;&#xD31;&#xD4D;&#xD31;&#xD3F; &#xD06;&#xD15;&#xD4D;&#xD1F;&#xD4D; &#xD24;&#xD3F;&#xD30;&#xD1E;&#xD4D;&#xD1E;&#xD46;&#xD1F;&#xD41;&#xD2A;&#xD4D;&#xD2A;&#xD4D; &#xD1A;&#xD1F;&#xD4D;&#xD1F;&#xD19;&#xD4D;&#xD19;&#xD33;&#xD41;&#xD02;</subfield>
  </datafield>
  <datafield tag="260" ind1=" " ind2=" ">
    <subfield code="a">Thiruvananthapuram</subfield>
    <subfield code="b">Kerala Bhasha Institute</subfield>
    <subfield code="c">2017</subfield>
  </datafield>
  <datafield tag="300" ind1=" " ind2=" ">
    <subfield code="a">237p.</subfield>
  </datafield>
  <datafield tag="500" ind1=" " ind2=" ">
    <subfield code="a">KERALA MUNICIPALITY ACTUM THERANJEDUPPU CHATTANGALUM  </subfield>
  </datafield>
  <datafield tag="500" ind1=" " ind2=" ">
    <subfield code="a">municipality act in kerala</subfield>
  </datafield>
  <datafield tag="500" ind1=" " ind2=" ">
    <subfield code="a">&#xD2F;&#xD42;&#xD28;&#xD38;&#xD4D;  &#xD15;&#xD41;&#xD1E;&#xD4D;&#xD1E;&#xD4D;, &#xD0E;&#xD02;.</subfield>
  </datafield>
  <datafield tag="546" ind1=" " ind2=" ">
    <subfield code="a">Malayalam      	
</subfield>
  </datafield>
  <datafield tag="650" ind1=" " ind2=" ">
    <subfield code="a">General considerations of public administration</subfield>
  </datafield>
  <datafield tag="650" ind1=" " ind2=" ">
    <subfield code="a">Law</subfield>
  </datafield>
  <datafield tag="942" ind1=" " ind2=" ">
    <subfield code="2">ddc</subfield>
    <subfield code="c">BK</subfield>
  </datafield>
  <datafield tag="952" ind1=" " ind2=" ">
    <subfield code="0">0</subfield>
    <subfield code="1">0</subfield>
    <subfield code="2">ddc</subfield>
    <subfield code="4">0</subfield>
    <subfield code="7">0</subfield>
    <subfield code="8">Gen</subfield>
    <subfield code="a">KAUCLV</subfield>
    <subfield code="b">KAUCLV</subfield>
    <subfield code="c">GENERAL</subfield>
    <subfield code="d">2020-06-12</subfield>
    <subfield code="g">180.00</subfield>
    <subfield code="l">0</subfield>
    <subfield code="o">352.16 YUN/KE</subfield>
    <subfield code="p">229967</subfield>
    <subfield code="r">2020-06-12 00:00:00</subfield>
    <subfield code="y">BK</subfield>
  </datafield>
</record>
